| 000 | 00484nam a2200193Ia 4500 | ||
|---|---|---|---|
| 008 | 170918s9999 xx 000 0 und d | ||
| 020 | _a9781406300406 | ||
| 050 | _bM119 1994 | ||
| 100 | _aMcBratney, Sam | ||
| 245 | _aGuess how much I love you / | ||
| 245 | _cSam McBratney ; illustrated by Anita Jeram. | ||
| 260 | _aNew York : | ||
| 260 | _bScholastic, | ||
| 260 | _c1994 | ||
| 300 | _aunpaged : | ||
| 300 | _bcolored illustration ; | ||
| 300 | _c27cm. | ||
| 500 | _a690 | ||
| 999 |
_c341780 _d341780 |
||